| 000 | 00356cam a22001217a 4500 | ||
|---|---|---|---|
| 008 | 180718b1967 xxu||||| |||| 00| 0 eng d | ||
| 082 | _aB7303x5422 M264 2 | ||
| 245 | _aMadhya pradesh municipal manual | ||
| 260 |
_aIndore _bWadhwa _c1967 |
||
| 300 | _av,208p | ||
| 500 | _aLibrary has two volumes. | ||
| 650 | _aMunicipal corporations --Madhya Pradesh, India. | ||
| 999 |
_c416088 _d416088 |
||